| 000 | 00875cam a22002175a 4500 | ||
|---|---|---|---|
| 001 | L140910 | ||
| 008 | 071017s1907 xxk eng u | ||
| 035 | _a(Sirsi) u140910 | ||
| 041 | 0 | _aeng | |
| 110 | 2 |
_aWeatherall and Green _95410 |
|
| 245 | 0 | 0 |
_aStrand _bparticulars, plans and conditions of sale of the celebrated fully-licensed premises known as the Gaiety Restaurant and Hotel...which will be sold by auction by Weatherall and Green at The Mart, Tokenhouse Yard, London E.C., on Monday the 21st day of October 1907... |
| 260 |
_aS.l. _bs.n. _c[1907] |
||
| 300 |
_a5 p. _bill. _c45 cm. |
||
| 340 | _aPrinted | ||
| 351 | _cSingle item | ||
| 500 | _aItem has been annotated in black ink. | ||
| 500 | _aItem is in a fragile condition. | ||
| 651 | 4 | _aLondon | |
| 690 | _aPROPERTY-PROPERTY ACQUISITION AND DISPOSAL-ACQUISITION AND DISPOSAL AT AUCTION | ||
| 942 | _n0 | ||
| 999 |
_c116528 _d116528 |
||